Junie B. Jones es la capitana del Dia de Juegos / (Record no. 20741)

MARC details
000 -LEADER
fixed length control field 01978cam a2200433Ia 4500
001 - CONTROL NUMBER
control field 820475578
003 - CONTROL NUMBER IDENTIFIER
control field OCoLC
005 - DATE AND TIME OF LATEST TRANSACTION
control field 20180521145358.0
008 - FIXED-LENGTH DATA ELEMENTS--GENERAL INFORMATION
fixed length control field 121206t20122012nyua b 000 1 spa d
020 ## - INTERNATIONAL STANDARD BOOK NUMBER
International Standard Book Number 9780545458139
Qualifying information paperback
020 ## - INTERNATIONAL STANDARD BOOK NUMBER
International Standard Book Number 0545458137
Qualifying information paperback
035 ## - SYSTEM CONTROL NUMBER
System control number (OCoLC)820475578
040 ## - CATALOGING SOURCE
Original cataloging agency JJJ
Language of cataloging eng
Transcribing agency JJJ
Modifying agency JJJ
-- ZGH
041 1# - LANGUAGE CODE
Language code of text/sound track or separate title spa
Language code of original eng
100 1# - MAIN ENTRY--PERSONAL NAME
Personal name Park, Barbara.
Authority record control number http://id.loc.gov/authorities/names/n81019188.
240 10 - UNIFORM TITLE
Uniform title <a href="Junie B. Jones is Captain Field Day.">Junie B. Jones is Captain Field Day.</a>
Language of a work Spanish.
245 10 - TITLE STATEMENT
Title Junie B. Jones es la capitana del Dia de Juegos /
Statement of responsibility, etc. Barbara Park ; ilustrado por Denise Brunkus ; [translated by Juan Pablo Lombana].
260 ## - PUBLICATION, DISTRIBUTION, ETC. (IMPRINT)
Place of publication, distribution, etc. New York :
Name of publisher, distributor, etc. Scholastic,
Date of publication, distribution, etc. c2012.
264 #1 - PRODUCTION, PUBLICATION, DISTRIBUTION, MANUFACTURE, AND COPYRIGHT NOTICE
Place of production, publication, distribution, manufacture New York :
Name of producer, publisher, distributor, manufacturer Scholastic,
Date of production, publication, distribution, manufacture, or copyright notice [2012]
264 #4 - PRODUCTION, PUBLICATION, DISTRIBUTION, MANUFACTURE, AND COPYRIGHT NOTICE
Date of production, publication, distribution, manufacture, or copyright notice c2012.
300 ## - PHYSICAL DESCRIPTION
Extent 69 pages :
Other physical details illustrations ;
Dimensions 20 cm.
336 ## - CONTENT TYPE
Content type term text
Content type code txt
Source rdacontent.
337 ## - MEDIA TYPE
Media type term unmediated
Media type code n
Source rdamedia.
338 ## - CARRIER TYPE
Carrier type term volume
Carrier type code nc
Source rdacarrier.
385 ## - AUDIENCE CHARACTERISTICS
Demographic group code age
Audience term Children
Source lcdgt.
500 ## - GENERAL NOTE
General note "Scholastic en espanol."
500 ## - GENERAL NOTE
General note Originally published in Englsih as Junie B. Jones is Captain Field Day.
520 ## - SUMMARY, ETC.
Summary, etc. As captain of Room Nine's field day team, Junie B. Jones tries to rally her troops after they lose several events.
546 ## - LANGUAGE NOTE
Language note Text in Spanish.
546 ## - LANGUAGE NOTE
Language note Texto en espanol.
650 #0 - SUBJECT ADDED ENTRY--TOPICAL TERM
Topical term or geographic name as entry element Winning and losing
Form subdivision Juvenile fiction.
650 #0 - SUBJECT ADDED ENTRY--TOPICAL TERM
Topical term or geographic name as entry element Kindergarten
Authority record control number http://id.loc.gov/authorities/subjects/sh85072368
Form subdivision Juvenile fiction.
Authority record control number http://id.loc.gov/authorities/subjects/sh99001687.
650 #0 - SUBJECT ADDED ENTRY--TOPICAL TERM
Topical term or geographic name as entry element Schools
Form subdivision Juvenile fiction.
Authority record control number http://id.loc.gov/authorities/subjects/sh2008111273.
650 #0 - SUBJECT ADDED ENTRY--TOPICAL TERM
Topical term or geographic name as entry element Spanish language materials
Form subdivision Juvenile fiction.
655 #7 - INDEX TERM--GENRE/FORM
Genre/form data or focus term Fiction.
Source of term lcgft
Authority record control number http://id.loc.gov/authorities/genreForms/gf2014026339.
700 1# - ADDED ENTRY--PERSONAL NAME
Personal name Brunkus, Denise,
Authority record control number http://id.loc.gov/authorities/names/n88082389
Relator term illustrator.
700 1# - ADDED ENTRY--PERSONAL NAME
Personal name Lombana, Juan Pablo,
Dates associated with a name 1966-
Authority record control number http://id.loc.gov/authorities/names/no2010023979
Relator term translator.
942 ## - ADDED ENTRY ELEMENTS (KOHA)
Koha item type Libro/Book
Source of classification or shelving scheme Dewey Decimal Classification
Holdings
Withdrawn status Lost status Damaged status Not for loan Home library Current library Date acquired Total Checkouts Barcode Date last seen Date checked out Price effective from Koha item type
        San Juan Del Sur -- Biblioteca San Juan Del Sur -- Biblioteca 04/02/2015 2 30005146 11/11/2015 02/07/2015 04/02/2015 Libro/Book

Powered by Koha